Operating system Concepts: windows XP update (Record no. 138901)
[ view plain ]
| 000 -LEADER | |
|---|---|
| fixed length control field | 00825nam a2200325Ia 4500 |
| 003 - CONTROL NUMBER IDENTIFIER | |
| control field | OSt |
| 005 - DATE AND TIME OF LATEST TRANSACTION | |
| control field | 20231106145228.0 |
| 008 - FIXED-LENGTH DATA ELEMENTS--GENERAL INFORMATION | |
| fixed length control field | 210210b2008 xxu||||| |||| 00| 0 eng d |
| 020 ## - INTERNATIONAL STANDARD BOOK NUMBER | |
| International Standard Book Number | 9788126508853 |
| 040 ## - CATALOGING SOURCE | |
| Transcribing agency | AL |
| 041 ## - LANGUAGE CODE | |
| Language code of text/sound track or separate title | eng |
| 082 ## - DEWEY DECIMAL CLASSIFICATION NUMBER | |
| Classification number | 003 SILO |
| 100 ## - MAIN ENTRY--PERSONAL NAME | |
| Personal name | SILBERSCHATZ (Abraham) |
| 9 (RLIN) | 140952 |
| 245 ## - TITLE STATEMENT | |
| Title | Operating system Concepts: windows XP update |
| 250 ## - EDITION STATEMENT | |
| Edition statement | 6 |
| 260 ## - PUBLICATION, DISTRIBUTION, ETC. | |
| Place of publication, distribution, etc. | New Delhi |
| Name of publisher, distributor, etc. | Wiley Eastern Pvt Ltd. |
| Date of publication, distribution, etc. | 2008 |
| 300 ## - PHYSICAL DESCRIPTION | |
| Extent | 951 |
| 650 ## - SUBJECT ADDED ENTRY--TOPICAL TERM | |
| Topical term or geographic name entry element | XP |
| 9 (RLIN) | 140953 |
| 650 ## - SUBJECT ADDED ENTRY--TOPICAL TERM | |
| Topical term or geographic name entry element | windows |
| 9 (RLIN) | 140954 |
| 650 ## - SUBJECT ADDED ENTRY--TOPICAL TERM | |
| Topical term or geographic name entry element | update |
| 9 (RLIN) | 140955 |
| 650 ## - SUBJECT ADDED ENTRY--TOPICAL TERM | |
| Topical term or geographic name entry element | system |
| 9 (RLIN) | 140956 |
| 650 ## - SUBJECT ADDED ENTRY--TOPICAL TERM | |
| Topical term or geographic name entry element | Operating |
| 9 (RLIN) | 140957 |
| 650 ## - SUBJECT ADDED ENTRY--TOPICAL TERM | |
| Topical term or geographic name entry element | Ed |
| 9 (RLIN) | 140958 |
| 650 ## - SUBJECT ADDED ENTRY--TOPICAL TERM | |
| Topical term or geographic name entry element | Concepts |
| 9 (RLIN) | 140959 |
| 650 ## - SUBJECT ADDED ENTRY--TOPICAL TERM | |
| Topical term or geographic name entry element | 6: |
| 9 (RLIN) | 140960 |
| 690 ## - LOCAL SUBJECT ADDED ENTRY--TOPICAL TERM (OCLC, RLIN) | |
| Topical term or geographic name as entry element | Operating Systems |
| 9 (RLIN) | 140961 |
| 700 ## - ADDED ENTRY--PERSONAL NAME | |
| Personal name | GALVIN (Peter Baer) |
| 9 (RLIN) | 140962 |
| 906 ## - LOCAL DATA ELEMENT F, LDF (RLIN) | |
| a | 063791 |
| 942 ## - ADDED ENTRY ELEMENTS (KOHA) | |
| Source of classification or shelving scheme | Dewey Decimal Classification |
| Koha item type | Book |
| Withdrawn status | Lost status | Source of classification or shelving scheme | Damaged status | Not for loan | Home library | Current library | Shelving location | Date acquired | Source of acquisition | Cost, normal purchase price | Total Checkouts | Full call number | Barcode | Date last seen | Price effective from | Koha item type | Date last checked out | Collection code |
|---|---|---|---|---|---|---|---|---|---|---|---|---|---|---|---|---|---|---|
| Dewey Decimal Classification | St Aloysius Library | St Aloysius Library | Secondary stack section | 02/17/2021 | Booksys | 449.00 | 003 SILO | 063795 | 02/17/2021 | 02/17/2021 | Book | |||||||
| Dewey Decimal Classification | St Aloysius Library | St Aloysius Library | Secondary stack section | 02/17/2021 | Booksys | 449.00 | 003 SILO | 063794 | 02/17/2021 | 02/17/2021 | Book | |||||||
| Dewey Decimal Classification | St Aloysius Library | St Aloysius Library | Secondary stack section | 02/17/2021 | Booksys | 449.00 | 1 | 003 SILO | 063793 | 08/07/2023 | 02/17/2021 | Book | 08/25/2022 | |||||
| Dewey Decimal Classification | St Aloysius Library | St Aloysius Library | Secondary stack section | 02/17/2021 | Booksys | 449.00 | 2 | 003 SILO | 063792 | 09/12/2022 | 02/17/2021 | Book | 08/16/2022 | |||||
| St Aloysius Library | St Aloysius Library | 02/17/2021 | Booksys | 449.00 | 003 SILO | 063791 | 02/17/2021 | 02/17/2021 | Book |